00953nam a2200229 a 4500008004100000020001800041050001900059100001800078245014200096260004700238300003600285350001000321650003100331650003800362650001300400700002100413700001900434700001700453995010100470999001700571952013500588200721s2016 ||||||||||||||||| || u a9781107122604 aJF 1525.I6 Tec aMarcu, Dorin 10aIntelligence analysis : as discovery of evidence, hypotheses, and argumentscBy Gheorghe Tecuci; David A. Schum; Dorin Marcu; Mihai Boicu aNew YorkbCambridge University Pressc2016 axxii, 262 pages : illustrations a54.47 aREASONING--DATA PROCESSING aINTELLIGENCE SERVICE--METHODOLOGY 0aEVIDENCE aTecuci, Gheorghe aSchum, David A aBoicu, Mihai FCBU-MAIN LIBRARY (Kitwe)I54.47M1UAVAILABLEWJul 22, 2020ZMain Library Open Access Collection c47188d47188 00102lcc4070a001b001cMain Library Open Access Collectiond2022-11-30l0oJF 1525.I6 Tecp750367r2022-11-30w2022-11-30y002